Hó
Elmentve itt :
| Szerző: | |
|---|---|
| Dokumentumtípus: | Cikk |
| Megjelent: |
1989-03-04
|
| Sorozat: | Délmagyarország
79 No. 54 |
| Online Access: | http://dmarchiv.bibl.u-szeged.hu/101414 |
| LEADER | 00396nab a2200145 i 4500 | ||
|---|---|---|---|
| 001 | delm101414 | ||
| 005 | 20190923120305.0 | ||
| 008 | 190923s1989 hu o 0|| hun d | ||
| 040 | |a SZTE Délmagyarország Archívum |b hun | ||
| 041 | |a hun | ||
| 100 | 1 | |a Vecsernyés Imre | |
| 245 | 1 | 0 | |a Hó |h [elektronikus dokumentum] / |c Vecsernyés Imre |
| 260 | |c 1989-03-04 | ||
| 300 | |a 8 | ||
| 490 | 0 | |a Délmagyarország |v 79 No. 54 | |